000
00304nam a22001217a 4500
008
170615b xxu||||| |||| 00| 0 eng d
041
_a
eng
080
_a
328
100
_a
19
101
_a
SHP
245
_a
A DISQUISITION ON GOVERNMENT AND SELECTION FROM DISCOVERY
_c
CALHOUN.J.C
942
_2
udc
_c
BK
999
_c
17613
_d
17613